KOHA-Header-6

Applied Statistics for Business and Economics (Record no. 6995)

000 -LEADER
fixed length control field 00254nam a2200109Ia 4500
020 ## - INTERNATIONAL STANDARD BOOK NUMBER
ISBN 978-0072892383
100 ## - MAIN ENTRY--AUTHOR NAME
Personal name Webster,Allen L.
245 #0 - TITLE STATEMENT
Title Applied Statistics for Business and Economics
260 ## - PUBLICATION, DISTRIBUTION, ETC. (IMPRINT)
Place of publication USA
Name of publisher Pearson
Year of publication 1995
300 ## - PHYSICAL DESCRIPTION
Number of Pages 1047
942 ## - ADDED ENTRY ELEMENTS (KOHA)
Koha item type Books
Holdings
Withdrawn status Lost status Collection code Permanent Location Current Location Shelving location Date acquired Full call number Accession Number Koha item type
    Statistics MAJU MAJU Shelf No.A27 2019-09-11 519.5 572 Statistics

Powered by Koha